| 000 | 00634nam a22001457a 4500 | ||
|---|---|---|---|
| 020 | _a978-0-140-29359-3 | ||
| 082 |
_a823 _bMIS/A |
||
| 100 | _aMISRA, JAISHREE | ||
| 245 | _aANCIENT PROMISES | ||
| 260 |
_aGURGAON _bPENGUIN RANDOM HOUSE _c2000 |
||
| 300 | _a310 | ||
| 520 | _aThe book brings out significant themes of the difficulties of differently-abled children. The book is about Janaki's life from teenager to adulthood. It's about her lost love, early marriage and her brave step to finding happiness. Her miserable life makes her stronger and she finds the courage to make things better. | ||
| 650 |
_aNOVEL _zINDIA |
||
| 942 | _cBK | ||
| 999 |
_c3517 _d3517 |
||